[Event "DSJ Weihnachtsturnier U16: Lasker 2020"]
[Site ""]
[Date "2020.12.28"]
[Round "7"]
[White "Genov, Valentin"]
[Black "Glowiak, Maximilian"]
[Result "1-0"]
[Termination "normal"]
[Board "7.3"]
[WhiteTitle "CM"]
[WhiteElo "1826"]
[BlackElo "1420"]
[WhiteTeam "Hamburger SK von 1830 2"]
[BlackTeam "Schachfr. Bischofswerda"]
[PlyCount "83"]
[WhiteFideId "2919745"]
[BlackFideId "16259521"]
[EventRounds "7"]
[EventType "team-swiss"]
[EventDate "2020.12.28"]

1. d4 {[%emt 0:00:26]} d5 {[%emt 0:00:03]} 2. c4 {[%emt 0:00:02]} e6 {[%emt
0:00:03]} 3. Nc3 {[%emt 0:00:03]} Nf6 {[%emt 0:00:02]} 4. Nf3 {[%emt 0:00:04]}
c6 {[%emt 0:00:15]} 5. cxd5 {[%emt 0:00:07]} exd5 {[%emt 0:00:02]} 6. Bg5 {
[%emt 0:00:15]} Be7 {[%emt 0:00:03]} 7. Qc2 {[%emt 0:00:15]} O-O {[%emt
0:00:14]} 8. e3 {[%emt 0:00:09]} g6 {[%emt 0:00:05]} 9. Bd3 {[%emt 0:00:14]}
Nh5 { [%emt 0:00:03]} 10. Bh6 {[%emt 0:00:53]} Ng7 {[%emt 0:00:08]} 11. Ne5
{[%emt 0:00:23]} Bg5 {[%emt 0:00:28]} 12. Bxg5 {[%emt 0:00:43]} Qxg5 {[%emt
0:00:05]} 13. f4 {[%emt 0:00:01]} Qh4+ {[%emt 0:00:25]} 14. g3 {[%emt 0:00:08]}
Qe7 { [%emt 0:00:08]} 15. Kf2 {[%emt 0:01:02]} Bf5 {[%emt 0:00:17]} 16. g4
{[%emt 0:00:07]} Qh4+ {[%emt 0:01:08]} 17. Kf3 {[%emt 0:00:03]} Qh3+ {[%emt
0:00:05]} 18. Kf2 {[%emt 0:00:03]} Bxg4 {[%emt 0:00:14]} 19. Rag1 {[%emt
0:00:35]} Bf5 { [%emt 0:00:57]} 20. Rg3 {[%emt 0:00:12]} Qh4 {[%emt 0:00:18]}
21. Nf3 {[%emt 0:00:11]} Bxd3 {[%emt 0:00:25]} 22. Qxd3 {[%emt 0:00:04]} Qe7
{[%emt 0:00:50]} 23. Ng5 {[%emt 0:00:09]} h6 {[%emt 0:00:45]} 24. h4 {[%emt
0:00:28]} hxg5 { [%emt 0:01:32]} 25. hxg5 {[%emt 0:00:03]} Nh5 {[%emt 0:00:05]}
26. Rxh5 { [%emt 0:00:44]} gxh5 {[%emt 0:00:04]} 27. g6 {[%emt 0:00:01]} f5
{[%emt 0:00:10]} 28. Qe2 {[%emt 0:00:16]} Qh4 {[%emt 0:00:09]} 29. Kg2 {[%emt
0:00:09]} Kg7 {[%emt 0:00:19]} 30. Rg5 {[%emt 0:00:22]} Na6 {[%emt 0:00:22]}
31. Nb1 { [%emt 0:00:03]} Rae8 {[%emt 0:00:26]} 32. Nd2 {[%emt 0:00:08]} Rf6
{[%emt 0:00:18]} 33. Nf3 {[%emt 0:00:04]} Qg4+ {[%emt 0:00:04]} 34. Rxg4 {[%emt
0:00:02]} hxg4 {[%emt 0:00:04]} 35. Ne5 {[%emt 0:00:04]} Nc7 {[%emt 0:00:06]}
36. Kg3 { [%emt 0:00:12]} Rh8 {[%emt 0:00:03]} 37. Qd2 {[%emt 0:00:44]} Rh3+
{[%emt 0:00:02]} 38. Kg2 {[%emt 0:00:02]} Rf8 {[%emt 0:00:01]} 39. Qb4 {[%emt
0:00:18]} Re8 {[%emt 0:00:17]} 40. Qd6 {[%emt 0:00:07]} Nb5 {[%emt 0:00:02]}
41. Qd7+ { [%emt 0:00:02]} Kf8 {[%emt 0:00:09]} 42. Qf7# {[%emt 0:00:01]} 1-0

[Event "DSJ Weihnachtsturnier U16: Lasker 2020"]
[Site ""]
[Date "2020.12.28"]
[Round "7"]
[White "Golubev, Egor"]
[Black "Müller, Linus"]
[Result "0-1"]
[Termination "normal"]
[Board "7.4"]
[WhiteElo "1589"]
[BlackElo "1578"]
[WhiteTeam "Schachfr. Bischofswerda"]
[BlackTeam "Hamburger SK von 1830 2"]
[PlyCount "58"]
[WhiteFideId "24287474"]
[BlackFideId "16245946"]
[EventRounds "7"]
[EventType "team-swiss"]
[EventDate "2020.12.28"]

1. Nf3 {[%emt 0:00:07]} c5 {[%emt 0:00:06]} 2. d4 {[%emt 0:00:02]} cxd4 { [%emt
0:00:04]} 3. Nxd4 {[%emt 0:00:01]} Nc6 {[%emt 0:00:01]} 4. g3 {[%emt 0:00:02]}
g6 {[%emt 0:00:03]} 5. Bg2 {[%emt 0:00:02]} Bg7 {[%emt 0:00:02]} 6. Nxc6 {[%emt
0:00:09]} bxc6 {[%emt 0:00:02]} 7. Nc3 {[%emt 0:00:01]} Nf6 { [%emt 0:00:04]}
8. O-O {[%emt 0:00:01]} d5 {[%emt 0:00:02]} 9. e4 {[%emt 0:00:05]} Bb7 {[%emt
0:00:15]} 10. exd5 {[%emt 0:00:04]} cxd5 {[%emt 0:00:02]} 11. Bg5 {[%emt
0:00:08]} e6 {[%emt 0:00:05]} 12. Na4 {[%emt 0:00:22]} Rc8 {[%emt 0:00:13]} 13.
Nc3 {[%emt 0:00:19]} O-O {[%emt 0:00:02]} 14. Qd3 {[%emt 0:00:07]} Rc6 {[%emt
0:00:23]} 15. Nb5 {[%emt 0:00:31]} Ba6 {[%emt 0:00:06]} 16. Rfd1 { [%emt
0:00:09]} Qb6 {[%emt 0:00:04]} 17. a4 {[%emt 0:00:03]} Rfc8 {[%emt 0:00:12]}
18. Be3 {[%emt 0:00:05]} Qb8 {[%emt 0:00:16]} 19. Bxa7 {[%emt 0:00:40]} Qb7
{[%emt 0:00:13]} 20. Qe3 {[%emt 0:00:09]} Bxb5 {[%emt 0:00:05]} 21. axb5 {
[%emt 0:00:02]} Rxc2 {[%emt 0:00:03]} 22. b6 {[%emt 0:00:26]} Ng4 {[%emt
0:00:07]} 23. Qb3 {[%emt 0:00:38]} Nxf2 {[%emt 0:00:12]} 24. Rdb1 {[%emt
0:00:09]} Bd4 {[%emt 0:00:14]} 25. Kf1 {[%emt 0:00:09]} Ng4 {[%emt 0:00:11]}
26. h3 { [%emt 0:00:44]} Nh2+ {[%emt 0:00:07]} 27. Ke1 {[%emt 0:00:01]} Rxg2
{[%emt 0:00:09]} 28. Qb5 {[%emt 0:00:17]} Nf3+ {[%emt 0:00:47]} 29. Kd1 {[%emt
0:00:17]} Rd2# {[%emt 0:00:06]} 0-1

[Event "DSJ Weihnachtsturnier U16: Lasker 2020"]
[Site ""]
[Date "2020.12.28"]
[Round "7"]
[White "Gallasch, Jonas"]
[Black "Hoffmann, Kay"]
[Result "1-0"]
[Termination "normal"]
[Board "8.1"]
[WhiteElo "2112"]
[BlackElo "1583"]
[WhiteTeam "Schachgemeinschaft Porz"]
[BlackTeam "Barnimer Schachfreunde im SV Stahl Finow"]
[PlyCount "81"]
[WhiteFideId "16222474"]
[BlackFideId "16227000"]
[EventRounds "7"]
[EventType "team-swiss"]
[EventDate "2020.12.28"]

1. d4 {[%emt 0:00:08]} d5 {[%emt 0:00:08]} 2. c4 {[%emt 0:00:04]} e6 {[%emt
0:00:03]} 3. Nc3 {[%emt 0:00:10]} Nf6 {[%emt 0:00:03]} 4. cxd5 {[%emt 0:00:01]}
Nxd5 {[%emt 0:00:07]} 5. e4 {[%emt 0:00:04]} Nxc3 {[%emt 0:00:09]} 6. bxc3 {
[%emt 0:00:00]} c5 {[%emt 0:00:01]} 7. Nf3 {[%emt 0:00:06]} cxd4 {[%emt
0:00:02]} 8. cxd4 {[%emt 0:00:00]} Bb4+ {[%emt 0:00:02]} 9. Bd2 {[%emt
0:00:02]} Bxd2+ {[%emt 0:00:01]} 10. Qxd2 {[%emt 0:00:00]} O-O {[%emt 0:00:03]}
11. Bd3 { [%emt 0:00:05]} b6 {[%emt 0:00:04]} 12. O-O {[%emt 0:00:04]} Bb7
{[%emt 0:00:02]} 13. Rfd1 {[%emt 0:00:05]} Nc6 {[%emt 0:00:03]} 14. Qe3 {[%emt
0:00:01]} Qe7 {[%emt 0:00:13]} 15. e5 {[%emt 0:00:04]} Rfd8 {[%emt 0:00:07]}
16. Be4 { [%emt 0:00:13]} Rac8 {[%emt 0:00:11]} 17. d5 {[%emt 0:00:22]} exd5
{[%emt 0:00:09]} 18. Bxd5 {[%emt 0:00:00]} Nxe5 {[%emt 0:00:05]} 19. Bxb7
{[%emt 0:00:05]} Nxf3+ {[%emt 0:00:29]} 20. Bxf3 {[%emt 0:00:13]} Qb4 {[%emt
0:00:16]} 21. Rxd8+ {[%emt 0:00:09]} Rxd8 {[%emt 0:00:03]} 22. Rd1 {[%emt
0:00:01]} Rc8 {[%emt 0:00:16]} 23. h3 {[%emt 0:00:14]} Qa4 {[%emt 0:00:04]} 24.
Qb3 {[%emt 0:00:20]} Qe8 {[%emt 0:00:17]} 25. Bg4 {[%emt 0:00:13]} Rc7 {[%emt
0:00:24]} 26. Qb5 { [%emt 0:00:40]} Qe7 {[%emt 0:00:13]} 27. Qe5 {[%emt
0:00:28]} Kf8 {[%emt 0:00:23]} 28. Qxe7+ {[%emt 0:00:37]} Kxe7 {[%emt 0:00:03]}
29. Rd2 {[%emt 0:00:02]} Rc1+ {[%emt 0:00:11]} 30. Kh2 {[%emt 0:00:03]} Rc7
{[%emt 0:00:02]} 31. Kg3 { [%emt 0:00:02]} g6 {[%emt 0:00:03]} 32. Kf4 {[%emt
0:00:04]} f5 {[%emt 0:00:09] } 33. Bf3 {[%emt 0:00:02]} h6 {[%emt 0:00:16]} 34.
Ke5 {[%emt 0:00:14]} Rc5+ { [%emt 0:00:11]} 35. Bd5 {[%emt 0:00:04]} b5 {[%emt
0:00:14]} 36. h4 {[%emt 0:00:03]} h5 {[%emt 0:00:10]} 37. Kd4 {[%emt 0:00:10]}
Rc1 {[%emt 0:00:08]} 38. Re2+ {[%emt 0:00:08]} Kd7 {[%emt 0:00:22]} 39. Bf7
{[%emt 0:00:15]} Rd1+ { [%emt 0:00:19]} 40. Kc5 {[%emt 0:00:07]} Rd6 {[%emt
0:00:10]} 41. Be8+ { [%emt 0:00:04]} 1-0

[Event "DSJ Weihnachtsturnier U16: Lasker 2020"]
[Site ""]
[Date "2020.12.28"]
[Round "7"]
[White "Beyer, Clemens"]
[Black "Sabirov, Rafael"]
[Result "0-1"]
[Termination "normal"]
[Board "8.2"]
[WhiteElo "1658"]
[BlackElo "1635"]
[WhiteTeam "Barnimer Schachfreunde im SV Stahl Finow"]
[BlackTeam "Schachgemeinschaft Porz"]
[PlyCount "80"]
[WhiteFideId "16245407"]
[BlackFideId "16241185"]
[EventRounds "7"]
[EventType "team-swiss"]
[EventDate "2020.12.28"]

1. d4 {[%emt 0:00:06]} Nf6 {[%emt 0:00:07]} 2. c4 {[%emt 0:00:03]} c5 {[%emt
0:00:01]} 3. d5 {[%emt 0:00:04]} b5 {[%emt 0:00:01]} 4. f3 {[%emt 0:00:13]}
bxc4 {[%emt 0:00:10]} 5. e4 {[%emt 0:00:03]} d6 {[%emt 0:00:02]} 6. Bxc4 {[%emt
0:00:03]} e6 {[%emt 0:00:25]} 7. Nc3 {[%emt 0:00:04]} a6 {[%emt 0:00:33]} 8.
Bg5 {[%emt 0:00:07]} e5 {[%emt 0:01:09]} 9. Nge2 {[%emt 0:00:19]} h6 {[%emt
0:00:22]} 10. Bh4 {[%emt 0:00:03]} Be7 {[%emt 0:00:05]} 11. O-O {[%emt
0:00:06]} O-O {[%emt 0:00:02]} 12. f4 {[%emt 0:00:25]} Ng4 {[%emt 0:00:27]} 13.
Bxe7 { [%emt 0:00:09]} Qxe7 {[%emt 0:00:01]} 14. Qd3 {[%emt 0:00:02]} exf4
{[%emt 0:00:09]} 15. Nxf4 {[%emt 0:00:13]} Ne5 {[%emt 0:00:04]} 16. Qe2 {[%emt
0:00:02] Barnim2-002 offers a draw} Bg4 {[%emt 0:00:18]} 17. Rf3 {[%emt
0:00:39]} Qg5 { [%emt 0:02:02]} 18. Nh3 {[%emt 0:01:51]} Bxf3 {[%emt 0:00:11]}
19. Nxg5 { [%emt 0:00:03]} Bxe2 {[%emt 0:00:02]} 20. Bxe2 {[%emt 0:00:08]} hxg5
{[%emt 0:00:02]} 21. Rf1 {[%emt 0:00:02]} Nbd7 {[%emt 0:00:09]} 22. b3 {[%emt
0:00:05]} Nf6 {[%emt 0:00:21]} 23. Bd1 {[%emt 0:00:09]} Rfe8 {[%emt 0:00:16]}
24. Rf5 { [%emt 0:00:02]} Ng6 {[%emt 0:01:05]} 25. Bc2 {[%emt 0:00:06]} Re5
{[%emt 0:00:02]} 26. Rf1 {[%emt 0:00:06]} Rae8 {[%emt 0:00:01]} 27. Re1 {[%emt
0:00:02]} Nf8 {[%emt 0:00:13]} 28. Bd3 {[%emt 0:00:05]} a5 {[%emt 0:00:10]} 29.
Kf2 { [%emt 0:00:03]} N8d7 {[%emt 0:00:29]} 30. h3 {[%emt 0:00:03]} Nb6 {[%emt
0:00:07]} 31. Kf3 {[%emt 0:00:05]} Nfxd5 {[%emt 0:00:04]} 32. Nb5 {[%emt
0:00:05]} Rd8 {[%emt 0:00:19]} 33. Re2 {[%emt 0:00:15]} Nf4 {[%emt 0:00:01]}
34. Rd2 { [%emt 0:00:02]} d5 {[%emt 0:00:07]} 35. exd5 {[%emt 0:00:03]} Rexd5
{[%emt 0:00:03]} 36. Ke3 {[%emt 0:00:02]} Rxd3+ {[%emt 0:00:01]} 37. Rxd3
{[%emt 0:00:01]} Rxd3+ {[%emt 0:00:01]} 38. Ke4 {[%emt 0:00:00]} Rd2 {[%emt
0:00:05]} 39. Nc3 {[%emt 0:00:02]} Rxg2 {[%emt 0:00:02]} 40. Kf3 {[%emt
0:00:01]} Rh2 { [%emt 0:00:02]} 0-1

[Event "DSJ Weihnachtsturnier U16: Lasker 2020"]
[Site ""]
[Date "2020.12.28"]
[Round "7"]
[White "Bolz, Jannis"]
[Black "Beyer, Lorenz"]
[Result "1/2-1/2"]
[Termination "normal"]
[Board "8.3"]
[WhiteElo "1636"]
[BlackElo "1362"]
[WhiteTeam "Schachgemeinschaft Porz"]
[BlackTeam "Barnimer Schachfreunde im SV Stahl Finow"]
[PlyCount "46"]
[WhiteFideId "16214897"]
[BlackFideId "16245393"]
[EventRounds "7"]
[EventType "team-swiss"]
[EventDate "2020.12.28"]

1. e4 {[%emt 0:01:16]} e6 {[%emt 0:00:03]} 2. d4 { [%emt 0:00:03]} d5 {[%emt
0:00:01]} 3. exd5 {[%emt 0:00:02]} exd5 {[%emt 0:00:01]} 4. Bd3 {[%emt
0:00:03]} Bd6 {[%emt 0:00:01]} 5. Nc3 {[%emt 0:00:09]} Ne7 { [%emt 0:00:01]} 6.
Nge2 {[%emt 0:00:02]} O-O {[%emt 0:00:03]} 7. Bf4 {[%emt 0:00:03]} c6 {[%emt
0:00:01]} 8. O-O {[%emt 0:00:02]} Bf5 {[%emt 0:00:03]} 9. Bxd6 {[%emt 0:00:06]}
Qxd6 {[%emt 0:00:02]} 10. Ng3 {[%emt 0:00:03]} Bxd3 { [%emt 0:00:05]} 11. Qxd3
{[%emt 0:00:00]} Nd7 {[%emt 0:00:01]} 12. Nce2 { [%emt 0:00:02]} Nf6 {[%emt
0:00:02]} 13. c3 {[%emt 0:00:02]} Ng6 {[%emt 0:00:02]} 14. h3 {[%emt 0:00:13]}
Rfe8 {[%emt 0:00:02]} 15. Rae1 {[%emt 0:00:07]} Re6 {[%emt 0:00:10]} 16. Nf5
{[%emt 0:00:09]} Qd7 {[%emt 0:00:03]} 17. Neg3 { [%emt 0:00:05]} Rae8 {[%emt
0:00:03]} 18. Rxe6 {[%emt 0:00:14]} Rxe6 {[%emt 0:00:03]} 19. Qd2 {[%emt
0:00:06]} Ne4 {[%emt 0:00:05]} 20. Nxe4 {[%emt 0:00:01]} Rxe4 {[%emt 0:00:02]}
21. Ng3 {[%emt 0:00:02]} Re7 {[%emt 0:00:03]} 22. Re1 { [%emt 0:00:04]} Qe8
{[%emt 0:00:02]} 23. Rxe7 {[%emt 0:00:04] Barnim2-003 offers a draw} Qxe7
{[%emt 0:00:03]} 1/2-1/2

[Event "DSJ Weihnachtsturnier U16: Lasker 2020"]
[Site ""]
[Date "2020.12.28"]
[Round "7"]
[White "Studzinski, Bruno"]
[Black "Laudwein, Jakob"]
[Result "0-1"]
[Termination "normal"]
[Board "8.4"]
[WhiteElo "1437"]
[BlackElo "1559"]
[WhiteTeam "Barnimer Schachfreunde im SV Stahl Finow"]
[BlackTeam "Schachgemeinschaft Porz"]
[PlyCount "108"]
[WhiteFideId "16296478"]
[BlackFideId "16258487"]
[EventRounds "7"]
[EventType "team-swiss"]
[EventDate "2020.12.28"]

1. d4 {[%emt 0:00:03]} d5 {[%emt 0:00:06]} 2. c4 {[%emt 0:00:06]} e6 {[%emt
0:00:02]} 3. Nc3 {[%emt 0:00:03]} Nf6 {[%emt 0:00:06]} 4. cxd5 {[%emt 0:00:02]}
exd5 {[%emt 0:00:31]} 5. Nf3 {[%emt 0:00:04]} Bd6 {[%emt 0:00:30]} 6. e3 {
[%emt 0:00:10]} O-O {[%emt 0:00:05]} 7. Bd3 {[%emt 0:00:04]} Bg4 {[%emt
0:00:24]} 8. O-O {[%emt 0:00:19]} c6 {[%emt 0:00:03]} 9. h3 {[%emt 0:00:31]}
Bh5 { [%emt 0:00:03]} 10. Be2 {[%emt 0:00:10]} Nbd7 {[%emt 0:00:52]} 11. Bd2 {
[%emt 0:00:13]} Qc7 {[%emt 0:00:10]} 12. a3 {[%emt 0:00:30]} a5 {[%emt 0:00:19]
} 13. Qb3 {[%emt 0:00:20]} Ne4 {[%emt 0:00:16]} 14. Qd1 {[%emt 0:00:21]} Nxd2 {
[%emt 0:00:28]} 15. Qxd2 {[%emt 0:00:03]} Nf6 {[%emt 0:00:23]} 16. Rac1 { [%emt
0:00:05]} Rfe8 {[%emt 0:00:20]} 17. Nb5 {[%emt 0:00:16]} Qd7 {[%emt 0:00:35]}
18. Nxd6 {[%emt 0:00:12]} Qxd6 {[%emt 0:00:02]} 19. Qd1 {[%emt 0:01:09]} Rec8
{[%emt 0:00:53]} 20. Qc2 {[%emt 0:00:29]} Ne4 {[%emt 0:01:10]} 21. Qd1 { [%emt
0:00:15]} b6 {[%emt 0:00:19]} 22. Nd2 {[%emt 0:00:04]} Nxd2 {[%emt 0:00:28]}
23. Qxd2 {[%emt 0:00:05]} Bxe2 {[%emt 0:00:05]} 24. Qxe2 {[%emt 0:00:03]} c5
{[%emt 0:00:23]} 25. Qc2 {[%emt 0:00:45]} c4 {[%emt 0:00:30]} 26. b3 { [%emt
0:00:14]} Qxa3 {[%emt 0:01:05]} 27. g3 {[%emt 0:01:01]} Qxb3 {[%emt 0:00:10]}
28. Qxb3 {[%emt 0:00:03]} cxb3 {[%emt 0:00:02]} 29. Rxc8+ {[%emt 0:00:11]} Rxc8
{[%emt 0:00:02]} 30. Rb1 {[%emt 0:00:01]} a4 {[%emt 0:00:02]} 31. Kg2 { [%emt
0:00:06]} Rc3 {[%emt 0:00:02]} 32. Kf3 {[%emt 0:00:05]} b5 {[%emt 0:00:01]} 33.
Kf4 {[%emt 0:00:03]} a3 {[%emt 0:00:07]} 34. Ke5 {[%emt 0:00:07]} b2 { [%emt
0:00:02]} 35. Kxd5 {[%emt 0:00:04]} Rc1 {[%emt 0:00:03]} 36. Rxc1 { [%emt
0:00:19]} bxc1=Q {[%emt 0:00:02]} 37. e4 {[%emt 0:00:01]} Qc3 {[%emt 0:00:02]}
38. f4 {[%emt 0:00:05]} Qc4+ {[%emt 0:00:01]} 39. Kd6 {[%emt 0:00:02]} Kf8
{[%emt 0:00:05]} 40. d5 {[%emt 0:00:04]} Qd4 {[%emt 0:00:07]} 41. e5 { [%emt
0:00:03]} Qb6+ {[%emt 0:00:02]} 42. Kd7 {[%emt 0:00:01]} Qb7+ {[%emt 0:00:03]}
43. Kd6 {[%emt 0:00:02]} Ke8 {[%emt 0:00:05]} 44. Kc5 {[%emt 0:00:02]} Qc7+
{[%emt 0:00:02]} 45. Kd4 {[%emt 0:00:02]} Qc4+ {[%emt 0:00:02]} 46. Ke3 { [%emt
0:00:01]} a2 {[%emt 0:00:01]} 47. Kf3 {[%emt 0:00:02]} a1=Q {[%emt 0:00:01]}
48. Kg4 {[%emt 0:00:01]} Qd1+ {[%emt 0:00:01]} 49. Kh4 {[%emt 0:00:02]} Qce2
{[%emt 0:00:04]} 50. g4 {[%emt 0:00:07]} Qde1+ {[%emt 0:00:02]} 51. Kg5 { [%emt
0:00:06]} h6+ {[%emt 0:00:02]} 52. Kh5 {[%emt 0:00:08]} Qh1 {[%emt 0:00:05]}
53. h4 {[%emt 0:00:06]} Qeh2 {[%emt 0:00:03]} 54. g5 {[%emt 0:00:09]} Qxh4#
{[%emt 0:00:03]} 0-1

[Event "DSJ Weihnachtsturnier U16: Lasker 2020"]
[Site ""]
[Date "2020.12.28"]
[Round "7"]
[White "Steinhauer, Artur"]
[Black "Doll, Rebecca"]
[Result "1-0"]
[Termination "normal"]
[Board "9.1"]
[WhiteElo "1462"]
[BlackElo "1762"]
[WhiteTeam "SC Bavaria Regensburg von 1881"]
[BlackTeam "OSG Baden-Baden 2"]
[PlyCount "185"]
[WhiteFideId "16263596"]
[BlackFideId "16236890"]
[EventRounds "7"]
[EventType "team-swiss"]
[EventDate "2020.12.28"]

1. e4 {[%emt 0:00:03]} e5 {[%emt 0:00:01]} 2. Ke2 {[%emt 0:00:03]} Nf6 { [%emt
0:00:07]} 3. d3 {[%emt 0:00:01]} d5 {[%emt 0:00:04]} 4. exd5 {[%emt 0:00:01]}
Nxd5 {[%emt 0:00:04]} 5. Nf3 {[%emt 0:00:01]} Nc6 {[%emt 0:00:06]} 6. Bd2
{[%emt 0:00:03]} Bg4 {[%emt 0:00:04]} 7. Nc3 {[%emt 0:00:04]} Bc5 {[%emt
0:00:54]} 8. Nxd5 {[%emt 0:00:10]} Qxd5 {[%emt 0:00:02]} 9. Ke1 {[%emt
0:00:04]} O-O-O {[%emt 0:00:58]} 10. Be2 {[%emt 0:00:05]} Rhe8 {[%emt 0:00:11]}
11. h3 { [%emt 0:00:03]} Bh5 {[%emt 0:00:17]} 12. c3 {[%emt 0:00:10]} e4 {[%emt
0:00:20] } 13. dxe4 {[%emt 0:00:06]} Qxe4 {[%emt 0:00:04]} 14. Kf1 {[%emt
0:00:04]} Bxf3 {[%emt 0:00:19]} 15. gxf3 {[%emt 0:00:05]} Qh4 {[%emt 0:00:03]}
16. Rh2 { [%emt 0:00:01]} Re6 {[%emt 0:00:37]} 17. f4 {[%emt 0:00:04]} Red6
{[%emt 0:00:09]} 18. Qc2 {[%emt 0:00:01]} Rxd2 {[%emt 0:00:51]} 19. Qf5+ {[%emt
0:00:01]} Kb8 {[%emt 0:00:03]} 20. Qxc5 {[%emt 0:00:01]} Qxf4 {[%emt 0:00:06]}
21. Rg2 { [%emt 0:00:01]} g6 {[%emt 0:00:43]} 22. Rg3 {[%emt 0:00:18]} Qe4
{[%emt 0:00:24]} 23. Bf3 {[%emt 0:00:04]} Qd3+ {[%emt 0:00:11]} 24. Kg2 {[%emt
0:00:06]} Qd6 {[%emt 0:00:21] Regensb3-001 reconnected.} 25. Qb5 {[%emt
0:00:29]} f5 { [%emt 0:00:23]} 26. Bxc6 {[%emt 0:00:31] Regensb3-001 offers a
draw} Qxc6+ { [%emt 0:00:05]} 27. Qxc6 {[%emt 0:00:02]} bxc6 {[%emt 0:00:01]}
28. b4 { [%emt 0:00:01]} Rb2 {[%emt 0:00:04]} 29. a4 {[%emt 0:00:07]} Rdd2
{[%emt 0:00:02]} 30. Rf3 {[%emt 0:00:04]} Kc8 {[%emt 0:00:13]} 31. Re1 {[%emt
0:00:15]} Kd7 {[%emt 0:00:03]} 32. Re5 {[%emt 0:00:08]} Rd5 {[%emt 0:00:09]}
33. Rfe3 { [%emt 0:00:24]} Rxe5 {[%emt 0:00:03]} 34. Rxe5 {[%emt 0:00:00]} Rb3
{[%emt 0:00:09]} 35. Rc5 {[%emt 0:00:01]} Kd6 {[%emt 0:00:06]} 36. a5 {[%emt
0:00:24]} Ra3 {[%emt 0:00:04]} 37. Rc4 {[%emt 0:00:10]} h6 {[%emt 0:00:12]} 38.
Rh4 { [%emt 0:00:20]} h5 {[%emt 0:00:18]} 39. Rd4+ {[%emt 0:00:01]} Ke5 {[%emt
0:00:02]} 40. Rc4 {[%emt 0:00:03]} Kd5 {[%emt 0:00:01]} 41. Rc5+ {[%emt
0:00:01]} Kd6 {[%emt 0:00:24]} 42. Kg3 {[%emt 0:00:18]} Ra1 {[%emt 0:00:05]}
43. Kh4 { [%emt 0:00:43]} Re1 {[%emt 0:00:16]} 44. Kg5 {[%emt 0:01:16]} Rg1+
{[%emt 0:00:03]} 45. Kf6 {[%emt 0:00:02]} a6 {[%emt 0:00:14]} 46. f4 {[%emt
0:01:10]} Rg3 { [%emt 0:00:13]} 47. h4 {[%emt 0:00:06]} Rg4 {[%emt 0:00:02]}
48. Rc4 {[%emt 0:00:01]} Kd7 {[%emt 0:00:01]} 49. Rd4+ {[%emt 0:00:14]} Kc8
{[%emt 0:00:02]} 50. Kf7 {[%emt 0:00:57]} Kb7 {[%emt 0:00:06]} 51. Kf6 {[%emt
0:00:13]} Rg3 { [%emt 0:00:18]} 52. Rc4 {[%emt 0:00:07]} Rg4 {[%emt 0:00:03]}
53. Kg7 {[%emt 0:00:10]} Kb8 {[%emt 0:00:38]} 54. Kh6 {[%emt 0:00:03]} Rg1
{[%emt 0:00:04]} 55. Rxc6 {[%emt 0:00:19]} Rg4 {[%emt 0:00:02]} 56. Rxa6 {[%emt
0:00:09]} Rxh4 { [%emt 0:00:03]} 57. Rxg6 {[%emt 0:00:01]} Rxf4 {[%emt
0:00:04]} 58. Kxh5 { [%emt 0:00:01]} Rc4 {[%emt 0:00:02]} 59. Rg3 {[%emt
0:00:05]} f4 {[%emt 0:00:03]} 60. Rd3 {[%emt 0:00:02]} Kb7 {[%emt 0:00:05]} 61.
Kg4 {[%emt 0:00:03]} Ka6 {[%emt 0:00:05]} 62. Kf5 {[%emt 0:00:03]} Kb5 {[%emt
0:00:03]} 63. Ke5 { [%emt 0:00:01]} c6 {[%emt 0:00:06]} 64. Kd6 {[%emt
0:00:05]} Re4 {[%emt 0:00:02]} 65. Rh3 {[%emt 0:00:16]} Re3 {[%emt 0:00:04]}
66. Rh5+ {[%emt 0:00:07]} Ka4 {[%emt 0:00:01]} 67. a6 {[%emt 0:00:01]} f3
{[%emt 0:00:03]} 68. Rf5 { [%emt 0:00:09]} Re8 {[%emt 0:00:02]} 69. Kxc6 {[%emt
0:00:06]} Rc8+ {[%emt 0:00:01]} 70. Kb7 {[%emt 0:00:01]} Rxc3 {[%emt 0:00:02]}
71. a7 {[%emt 0:00:04]} Kxb4 {[%emt 0:00:01]} 72. a8=Q {[%emt 0:00:03]} Rb3
{[%emt 0:00:01]} 73. Kc6 { [%emt 0:00:06]} Rc3+ {[%emt 0:00:01]} 74. Kd6 {[%emt
0:00:03]} Rd3+ {[%emt 0:00:01]} 75. Ke5 {[%emt 0:00:02]} Re3+ {[%emt 0:00:02]}
76. Qe4+ {[%emt 0:00:01] } Rxe4+ {[%emt 0:00:02]} 77. Kxe4 {[%emt 0:00:00]} Kc4
{[%emt 0:00:02]} 78. Rxf3 {[%emt 0:00:01]} Kc5 {[%emt 0:00:02]} 79. Rd3 {[%emt
0:00:00]} Kc4 { [%emt 0:00:01]} 80. Rd5 {[%emt 0:00:00]} Kc3 {[%emt 0:00:01]}
81. Re5 {[%emt 0:00:00]} Kc4 {[%emt 0:00:01]} 82. Re8 {[%emt 0:00:00]} Kb5
{[%emt 0:00:02]} 83. Rd8 {[%emt 0:00:00]} Kc5 {[%emt 0:00:01]} 84. Rd1 {[%emt
0:00:00]} Kc4 { [%emt 0:00:01]} 85. Rc1+ {[%emt 0:00:01]} Kb3 {[%emt 0:00:01]}
86. Kd4 { [%emt 0:00:00]} Kb2 {[%emt 0:00:01]} 87. Rc8 {[%emt 0:00:00]} Kb3
{[%emt 0:00:01]} 88. Rc7 {[%emt 0:00:01]} Kb2 {[%emt 0:00:02]} 89. Kd3 {[%emt
0:00:01]} Kb1 {[%emt 0:00:02]} 90. Kd2 {[%emt 0:00:01]} Ka1 {[%emt 0:00:03]}
91. Rb7 { [%emt 0:00:00]} Ka2 {[%emt 0:00:01]} 92. Kc3 {[%emt 0:00:00]} Ka1
{[%emt 0:00:02]} 93. Kc2 {[%emt 0:00:02]} 1-0

[Event "DSJ Weihnachtsturnier U16: Lasker 2020"]
[Site ""]
[Date "2020.12.28"]
[Round "7"]
[White "Aumüller, Naum"]
[Black "Neves, Carlos"]
[Result "1-0"]
[Termination "normal"]
[Board "9.3"]
[WhiteElo "1622"]
[BlackElo "1457"]
[WhiteTeam "SC Bavaria Regensburg von 1881"]
[BlackTeam "OSG Baden-Baden 2"]
[PlyCount "55"]
[WhiteFideId "16263960"]
[BlackFideId "16258320"]
[EventRounds "7"]
[EventType "team-swiss"]
[EventDate "2020.12.28"]

1. e4 {[%emt 0:00:13]} c5 {[%emt 0:00:03]} 2. Nf3 {[%emt 0:00:02]} Nc6 { [%emt
0:00:01]} 3. d4 {[%emt 0:00:01]} cxd4 {[%emt 0:00:01]} 4. Nxd4 {[%emt 0:00:01]}
Nf6 {[%emt 0:00:02]} 5. Nc3 {[%emt 0:00:02]} g6 {[%emt 0:00:01]} 6. Be3 {[%emt
0:00:02]} Bg7 {[%emt 0:00:01]} 7. Bc4 {[%emt 0:00:02]} O-O {[%emt 0:00:01]} 8.
Qd2 {[%emt 0:00:09]} Ng4 {[%emt 0:00:24]} 9. Nde2 {[%emt 0:00:47]} Nxe3 {[%emt
0:00:04]} 10. Qxe3 {[%emt 0:00:03]} d6 {[%emt 0:00:24]} 11. O-O-O { [%emt
0:00:11]} Na5 {[%emt 0:00:20]} 12. Bb3 {[%emt 0:00:06]} Nxb3+ {[%emt 0:00:01]}
13. axb3 {[%emt 0:00:00]} Qa5 {[%emt 0:00:02]} 14. Kb1 {[%emt 0:00:04]} Bd7
{[%emt 0:00:10]} 15. h4 {[%emt 0:00:22]} b5 {[%emt 0:00:08]} 16. h5 { [%emt
0:00:08]} b4 {[%emt 0:00:10]} 17. Nd5 {[%emt 0:00:03]} Rfe8 {[%emt 0:00:17]}
18. hxg6 {[%emt 0:00:15]} hxg6 {[%emt 0:00:14]} 19. Qg5 {[%emt 0:00:30]} Bf6
{[%emt 0:01:26]} 20. Nxf6+ {[%emt 0:00:06]} exf6 {[%emt 0:00:06]} 21. Qxf6
{[%emt 0:00:36]} Qh5 {[%emt 0:00:44]} 22. Rxh5 {[%emt 0:00:02]} gxh5 {[%emt
0:00:01]} 23. Nf4 {[%emt 0:00:11]} Bg4 {[%emt 0:00:11]} 24. Rh1 {[%emt
0:00:23]} Rxe4 {[%emt 0:00:25]} 25. Nxh5 {[%emt 0:00:11]} Re1+ {[%emt 0:00:17]}
26. Ka2 { [%emt 0:00:14]} Bxh5 {[%emt 0:00:16]} 27. Rxh5 {[%emt 0:00:03]} Rh1
{[%emt 0:00:00]} 28. Qh8# {[%emt 0:00:02]} 1-0